| 000 | 00995cab a2200265 4500 | ||
|---|---|---|---|
| 001 | ABS51271 | ||
| 008 | 090401t1994 xxu||||| |||| 00| 0 eng d | ||
| 035 | _a(Sirsi) u18719 | ||
| 041 | _aeng | ||
| 100 | _aButlin, J. | ||
| 245 | 4 | _aThe European Union`s policy on contaminated land | |
| 260 | _c1994 | ||
| 350 | _a0 | ||
| 490 |
_aLand Contamination and Reclamation _v2(3) 1994, 139-143(5) |
||
| 520 | _aIn the absence of any formal EU policy on the identification, risk assessment or remediation of contaminated land this paper suggests that the emerging policy can be seen in the EU proposals for a directive on liability for environmental damage and the Fifth Environmental Action Programme "Towards sustainability". | ||
| 650 | _aCONTAMINATED LAND | ||
| 650 | _aEC DIRECTIVES | ||
| 650 | _aEU POLICY | ||
| 650 | _aFIFTH ENVIRONMENTAL ACTION PROGRAMME | ||
| 650 | _aRISK ASSESSMENT | ||
| 690 | _aEUROPE-SINGLE MARKET | ||
| 690 | _aLAND | ||
| 942 | _n0 | ||
| 948 | _c04/03/1997 | ||
| 999 |
_c12457 _d12457 |
||